Phương pháp khảo sát - nghiên cứu thực nghiệm công trình

Đã lưu trong:
Chi tiết về thư mục
Tác giả chính: Võ Văn Thảo
Định dạng: Sách
Ngôn ngữ:Vietnamese
Được phát hành: Khoa học Kỹ Thuật 2001
Những chủ đề:
Các nhãn: Thêm thẻ
Không có thẻ, Là người đầu tiên thẻ bản ghi này!
Thư viện lưu trữ: Mạng thư viện Đại học Đà Nẵng
LEADER 01036nam a2200313 a 4500
001 000003446
003 02275
005 20171229145311.0
008 171229s2001 vie
040 |a LSK 
041 0 |a VIE 
082 0 |a 690.028  |b VO-T 
100 1 |a Võ Văn Thảo 
245 0 0 |a Phương pháp khảo sát - nghiên cứu thực nghiệm công trình 
260 |b Khoa học Kỹ Thuật  |c 2001 
300 |a 244 pages  |c 24 cm. 
653 |a Xây dựng - Thực nghiệm công trình 
852 |a Phòng Đọc - Phòng Mượn 
901 |a 20 
927 |a Sách tham khảo 
OWN |a LSK 
AVA |a UDN50  |b LSK  |d 690.028 VO-T  |e check_holdings  |t Error 5003 Not defined in file expand_doc_bib_avail.  |h N  |k 1 
999 |a From the UDN01 
AVA |a UDN50  |b LSK  |d 690.028 VO-T  |e available  |t Error 5001 Not defined in file expand_doc_bib_avail.  |f 20  |g 0  |h N  |i 0  |k 1 
TYP |a Monograph 
TYP |a Printed language 
980 |a Mạng thư viện Đại học Đà Nẵng